=LDR 00000nam 2200000 4500 =001 INLIS000000000021872 =005 20130612120704 =008 ***********************************Ind** =035 ##$$0010-061300000021872 =041 ##$$a Ind =082 ##$$a 425 =090 ##$$a 425, Eng e =245 ##$$a English book one =260 ##$$a 1978 $b London =300 ##$$a 145 hlm, ilus, 21 cm =650 ##$$a Bahasa inggris =850 ##$$a NBPNMAT